000 00890nam a2200241 a 4500
001 41154
003 BD-RjUL
005 20211209053335.0
008 160516s1992 ii ||||| |||| 00| 0 ben d
020 _cIRs. 40.00
035 _a(BD-RjUL)41270
040 _aBD-RjUL
_bben
_cBD-RjUL
_dBD-RjUL
041 _aben
082 _223
_a891.4409
_bAYP 1992
100 _aআইয়ুব, আবু সয়ীদ
_9126591
245 1 0 _aপান্থজনের সখা /
_cআবু সয়ীদ আইয়ুব
250 _a৫ম সং.
260 _aকলকাতা :
_bদে'জ পাবলিশিং,
_c১৯৯২
300 _a১৮৬ পৃ. ;
_c২৩ সেমি.
650 _aবাংলা সাহিত্য
_xইতিহাস ও সমালোচনা
_9118060
650 _aBengali Literature
_xHistory and Criticism
_9117020
942 _2ddc
_cBK
999 _c41154
_d41154